L'anomalie sauvage (Record no. 111255)

MARC details
000 -LEADER
campo de control de longitud fija 00921nam a2200253 4500
001 - NÚMERO DE CONTROL
campo de control 111255
003 - IDENTIFICADOR DE NÚMERO DE CONTROL
campo de control ES-MaACL
005 - FECHA Y HORA DE LA ÚLTIMA TRANSACCIÓN
campo de control 20251223201843.0
007 - CAMPO FIJO DE DESCRIPCIÓN FÍSICA--INFORMACIÓN GENERAL
campo de control de longitud fija t|
008 - DATOS DE LONGITUD FIJA--INFORMACIÓN GENERAL
campo de control de longitud fija 061121s1982 fr r ||||1| fre d
100 0# - ENTRADA PRINCIPAL--NOMBRE DE PERSONA
Nombre de persona Negri, Antonio,
Fechas asociadas al nombre 1933-
9 (RLIN) 85299
245 12 - MENCIÓN DEL TÍTULO
Título L'anomalie sauvage
Resto del título : puissance et pouvoir chez Spinoza /
Mención de responsabilidad, etc. Antonio Negri; traduit de l'italien par Francois Matheron; préfaces de Gilles Deleuze, Pierre Macherey et Alexandre Matheron.
250 ## - MENCION DE EDICION
Mención de edición 1ere. ed.
260 ## - PUBLICACIÓN, DISTRIBUCIÓN, ETC.
Lugar de publicación, distribución, etc. Paris :
Nombre del editor, distribuidor, etc. Presses Universitaires de France,
Fecha de publicación, distribución, etc. 1982.
300 ## - DESCRIPCIÓN FÍSICA
Extensión 348 p. ;
Dimensiones 22 cm.
490 1# - MENCIÓN DE SERIE
Mención de serie Pratiques theoriques
700 1# - ENTRADA AGREGADA--NOMBRE PERSONAL
Nombre de persona Matheron, Francois.
9 (RLIN) 79020
700 0# - ENTRADA AGREGADA--NOMBRE PERSONAL
Nombre de persona Deleuze, Gilles,
Fechas asociadas al nombre 1925-1995
9 (RLIN) 43377
700 1# - ENTRADA AGREGADA--NOMBRE PERSONAL
Nombre de persona Macherey, Pierre.
9 (RLIN) 75179
700 1# - ENTRADA AGREGADA--NOMBRE PERSONAL
Nombre de persona Matheron, Alexandre.
9 (RLIN) 79019
830 00 - PUNTO DE ACCESO ADICIONAL DE SERIE-TÍTULO UNIFORME
Título uniforme Pratiques théoriques
9 (RLIN) 185675
852 ## - LOCALIZACIÓN
Ubicación ES-MaACL
Número de control de estantería L-10063
Sublocalización o colección R.112065
Holdings
Estatus retirado Estado de pérdida Estado de daño No para préstamo Biblioteca de origen Biblioteca actual Ubicación en estantería Fecha de adquisición Fuente de adquisición Total de préstamos Signatura topográfica completa Código de barras Visto por última vez Precio de reemplazo Tipo de ítem Koha
        Biblioteca del Ateneo de Madrid Biblioteca del Ateneo de Madrid Depósito 2 17/01/2008     L-10063 1116074 23/02/2023 23/02/2023 Libro impreso